| 000 | 00760nam a2200253 i 4500 | ||
|---|---|---|---|
| 001 | bg | ||
| 100 | 1 |
_aCzajkowski, Gerard _d(1944- ). |
|
| 245 | 1 | 0 |
_aZadania z fizyki teoretycznej / _cGerard Czajkowski, Wojciech Chmara. |
| 260 |
_aBydgoszcz : _bWydawnictwa Uczelniane Uniwersytetu Technologiczno-Przyrodniczego, _ccop. 2007. |
||
| 300 |
_a356 s. : _bil. ; _c30 cm. |
||
| 504 | _aBibliogr. s. 355-356. | ||
| 650 | 9 | _aFizyka | |
| 655 | _aĆwiczenia i zadania dla szkół wyższych | ||
| 700 | 1 | _aChmara, Wojciech. | |
| 015 | _aPB 20785/2007 | ||
| 020 | _a9788389334244 | ||
| 040 | _cBPK | ||
| 041 | _apol | ||
| 044 | _aPOL | ||
| 080 | _a53(075.8)(076) | ||
| 920 | _a978-83-89334-24-4 | ||
| 942 | _cKS | ||
| 008 | 070928s2007 pl a |000 0 pol | ||
| 999 |
_c55475 _d55475 |
||
| 856 |
_uhttp://koha.tu.koszalin.pl/cgi-bin/koha/opac-detail.pl?biblionumber=55475 _yKatalog online BPK |
||